000 00736nam a2200205 a 4500
003 0
005 20250224095330.0
008 101112s19uu xx 00 eng d
050 _aPHS BF 697
_b.Oh1 2010
100 _aOh, Semi.
245 _aRelationship between body image and levels of self-esteem of high school SISC students /
_cSemi Oh.
260 _aLas PiƱas City, Philippines :
_bSouthville International School and Colleges,
_c2010.
300 _avarious pagination :
_billustrations ;
_c30 cm.
504 _aIncludes bibliographical references.
650 _aBody image in adolescence.
650 _aSelf-esteem in adolescents.
650 _aBody image
_xSocial aspects.
650 _aSelf-perception.
942 _2lcc
_cPASS
999 _c98497
_d98497